Nastal čas poskytovania úverov

Poskytovanie úverov na kúpu bytu. Stavebná sporiteľňa VÚB Wüstenrot - jej úverová činnosť. Sporenie v slovenských sporiteľniach. Zapojenie právnických osôb do stavebného sporenia. Projekt financovania VÚBW a Prvej stavebnej sporiteľne. Sociálnoekonomický faktor a časový cyklus v sporení.

Gespeichert in:
Bibliographische Detailangaben
1. Verfasser: Baťo, R.
Format: Buchkapitel
Sprache:Slowakisch
Schlagworte:
Tags: Tag hinzufügen
Keine Tags, Fügen Sie das erste Tag hinzu!

MARC

LEADER 00000naa a2200000 4500
001 r021803
005 20230801105333.2
041 0 |a slo 
044 |a SK 
245 1 0 |a Nastal čas poskytovania úverov  |c R. Baťo 
520 |a Poskytovanie úverov na kúpu bytu. Stavebná sporiteľňa VÚB Wüstenrot - jej úverová činnosť. Sporenie v slovenských sporiteľniach. Zapojenie právnických osôb do stavebného sporenia. Projekt financovania VÚBW a Prvej stavebnej sporiteľne. Sociálnoekonomický faktor a časový cyklus v sporení. 
610 2 0 |a sporenie obyvateľstva 
610 2 0 |a sporiteľne stavebné 
610 2 0 |a VÚB Wüstenrot, a.s. Bratislava 
610 2 0 |a osoby právnické 
610 2 0 |a osoby fyzické 
610 2 0 |a Prvá stavebná sporiteľňa, a.s. Bratislava 
610 2 0 |a úver stavebný 
100 1 |a Baťo, R.